| 000 | 00928pam a2200277 a 4500 | ||
|---|---|---|---|
| 999 |
_c877 _d877 |
||
| 001 | 4963438 | ||
| 003 | OSt | ||
| 005 | 20191125124553.0 | ||
| 008 | 970808s1999 paua b 001 0 eng c | ||
| 010 | _a 97031212 | ||
| 020 | _a0721656102 | ||
| 040 |
_aDNLM/DLC _cDLC _dDLC |
||
| 050 | 0 | 0 |
_aRB40 _b.T44 1999 |
| 060 | 1 | 0 | _aQY 90 T5642 1999 |
| 082 | 0 | 0 |
_aQY90 T5642 1999 _221 |
| 100 |
_aEdited by Carl, A. Burtis; Edward, R. Ashwood. _913071 |
||
| 245 | 0 | 0 | _aTietz Textbook of Clinical Chemistry |
| 250 | _a3rd ed. | ||
| 260 |
_aPhiladelphia : _bW.B. Saunders, _cc1999. |
||
| 300 |
_axxxvii, 1917 p. : _bill. ; _c29 cm. |
||
| 504 | _aIncludes bibliographical references and index. | ||
| 650 | 0 |
_aClinical chemistry. _9428 |
|
| 906 |
_a7 _bcbc _corignew _d1 _eocip _f19 _gy-gencatlg |
||
| 942 |
_2z _cSLOAN |
||